Oklahoma City Thunder All-Time Roster - Statistics

General Stats
  • This quiz has been taken 675 times
  • The average score is 7 of 12
Answer Stats
Post Player % Correct
SF Kevin Durant
100%
SG Russell Westbrook
100%
PG Gary Payton
89%
BN Shawn Kemp
83%
BN Serge Ibaka
69%
BN Ray Allen
51%
C Jack Sikma
44%
BN Dennis Johnson
32%
BN Detlef Schrempf
31%
BN Gus Williams
22%
PF Spencer Haywood
19%
BN Lenny Wilkens
11%
No matching quizzes found
Score Distribution
Percent of People with Each Score
Percentile by Number Answered
Your Score History
You have not taken this quiz